Statistics for Best FIFA Women's Ranked Countries

Click here to take the quiz!

General Stats

  • This quiz has been taken 33 times
  • The average score is 26 of 30

Answer Stats

ScoreCountry% Correct
2068.12Germany
100%
2049.61Sweden
100%
1840.88Italy
97%
1916.68Japan
97%
1995.30Spain
97%
2090.03United States
97%
1996.34Brazil
94%
2026.65France
94%
1745.13Portugal
94%
2002.28Canada
91%
2040.76England
91%
1699.79Argentina
88%
1919.94Australia
88%
1980.47Netherlands
88%
1908.36Norway
88%
1665.93Poland
88%
1866.25China
84%
1854.38Denmark
84%
1846.50South Korea
84%
1813.56Belgium
81%
1690.16Russia
81%
1796.69Austria
78%
1743.77Colombia
78%
1676.76Finland
78%
1735.89Ireland
78%
1765.60Switzerland
75%
1702.45New Zealand
72%
1717.06Scotland
66%
1854.40Iceland
63%
1682.07Czech Republic
59%

Score Distribution

Percentile by Number Answered

Percent of People with Each Score

Your Score History

You have not taken this quiz